<?xml version='1.0' encoding='UTF-8'?><?xml-stylesheet href='static/style.xsl' type='text/xsl'?><OAI-PMH xmlns="http://www.openarchives.org/OAI/2.0/" xmlns:xsi="http://www.w3.org/2001/XMLSchema-instance" xsi:schemaLocation="http://www.openarchives.org/OAI/2.0/ http://www.openarchives.org/OAI/2.0/OAI-PMH.xsd"><responseDate>2026-04-30T15:02:10Z</responseDate><request verb="GetRecord" identifier="oai:ebiltegia.mondragon.edu:20.500.11984/5942" metadataPrefix="marc">https://ebiltegia.mondragon.edu/oai/request</request><GetRecord><record><header><identifier>oai:ebiltegia.mondragon.edu:20.500.11984/5942</identifier><datestamp>2024-03-04T09:38:01Z</datestamp><setSpec>com_20.500.11984_473</setSpec><setSpec>col_20.500.11984_478</setSpec></header><metadata><record xmlns="http://www.loc.gov/MARC21/slim" xmlns:dcterms="http://purl.org/dc/terms/" xmlns:xsi="http://www.w3.org/2001/XMLSchema-instance" xmlns:doc="http://www.lyncode.com/xoai" xsi:schemaLocation="http://www.loc.gov/MARC21/slim http://www.loc.gov/standards/marcxml/schema/MARC21slim.xsd">
   <leader>00925njm 22002777a 4500</leader>
   <datafield ind2=" " ind1=" " tag="042">
      <subfield code="a">dc</subfield>
   </datafield>
   <datafield ind2=" " ind1=" " tag="720">
      <subfield code="a">Arrieta, Aitor</subfield>
      <subfield code="e">author</subfield>
   </datafield>
   <datafield ind2=" " ind1=" " tag="260">
      <subfield code="c">2022</subfield>
   </datafield>
   <datafield ind2=" " ind1=" " tag="520">
      <subfield code="a">In large code bases, locating the elements that implement concrete features of a system is challenging. This information is paramount for maintenance and evolution tasks, although not always explicitly available. In this work, motivated by the needs of locating features as a first step for feature-based Software Product Line adoption, we propose a solution for improving the performance of existing approaches. For this, relying on an automatic feature localization approach to locate features in single-systems, we propose approaches to deal with feature localization in the context of families of systems, e.g., variants created through opportunistic reuse such as clone-and-own. Our feature localization approaches are built on top of Spectrum-based feature localization (SBFL) techniques, supporting both dynamic feature localization (i.e., using execution traces as input) and static feature localization (i.e., relying on the structural decomposition of the variants’ implementation). Concretely, we provide (i) a characterization of different settings for dynamic SBFL in single systems, (ii) an approach to improve accuracy of dynamic SBFL for families of systems, and (iii) an approach to use SBFL as a static feature localization technique for families of systems. The proposed approaches are evaluated using the consolidated ArgoUML SPL feature localization benchmark. The results suggest that some settings of SBFL favor precision such as using the ranking metrics Wong2, Ochiai2, or Tarantula with high threshold values, while most of the ranking metrics with low thresholds favor recall. The approach to use information from variants increase the precision of dynamic SBFL while maintaining recall even with few number of variants, namely two or three. Finally, the static SBFL approach performs equally in terms of accuracy to other state-of-the-art approaches, such as Formal Concept Analysis and Interdependent Elements.</subfield>
   </datafield>
   <datafield ind1="8" ind2=" " tag="024">
      <subfield code="a">1873-1228</subfield>
   </datafield>
   <datafield ind1="8" ind2=" " tag="024">
      <subfield code="a">https://katalogoa.mondragon.edu/janium-bin/janium_login_opac.pl?find&amp;ficha_no=170553</subfield>
   </datafield>
   <datafield ind1="8" ind2=" " tag="024">
      <subfield code="a">https://hdl.handle.net/20.500.11984/5942</subfield>
   </datafield>
   <datafield tag="653" ind2=" " ind1=" ">
      <subfield code="a">Feature localization</subfield>
   </datafield>
   <datafield tag="653" ind2=" " ind1=" ">
      <subfield code="a">Spectrum-based localization</subfield>
   </datafield>
   <datafield tag="653" ind2=" " ind1=" ">
      <subfield code="a">Clone-and-own</subfield>
   </datafield>
   <datafield tag="653" ind2=" " ind1=" ">
      <subfield code="a">Software product lines</subfield>
   </datafield>
   <datafield ind2="0" ind1="0" tag="245">
      <subfield code="a">Spectrum-based feature localization for families of systems</subfield>
   </datafield>
</record></metadata></record></GetRecord></OAI-PMH>